000 00493cam a2200193ua 4500
020 _c50.40
041 _aeng
_h
082 _a519.01
_bEDN/IN
100 _aUdny, Yule G .
245 _aIntroduction to the theory of statistics /
_cYule G Udny.
_hTextual Documents
250 _a14 /
_b.
260 _aLondon :
_bCharles Griffin and Company ,
_c1965.
300 _a701 ; .
365 _a50.40
504 _a
700 1 _aKendall, M G .
942 _cBK
999 _c10018
_d10018